000
00308 a2200145 4500
001
173986
020
_a
040
_c
Magnum
100
_a
Padua, Lygia Gomes de
240
1
0
_a
Aconteceu com a margarida
_l
por
245
1
0
_a
Aconteceu com a margarida
362
0
_a
1899
697
_a
I/GERAL
942
_c
BK
999
_c
173986
_d
173986